[Event "ISL-chT2 1718"]
[Site "Reykjavik"]
[Date "2018.03.03"]
[Round "6.3"]
[White "Mogensen, Asgeir"]
[Black "Hardarson, Marteinn Thor"]
[Result "1-0"]
[WhiteElo "1947"]
[BlackElo "1835"]
[PlyCount "51"]
[EventDate "2017.10.20"]
[EventType "team-tourn"]
[EventRounds "7"]
[EventCountry "ISL"]
[SourceTitle "EXT 2019"]
[Source "ChessBase"]
[SourceDate "2018.10.10"]
[SourceVersion "1"]
[SourceVersionDate "2018.10.10"]
[SourceQuality "1"]
[WhiteTeam "Hrokar alls Fagnadar"]
[BlackTeam "Vinaskakfelagid"]
[WhiteTeamCountry "ISL"]
[BlackTeamCountry "ISL"]

1. d4 d5 2. c4 c6 3. Nf3 e6 4. e3 Nf6 5. Nc3 Nbd7 6. Bd3 Bd6 7. 0-0 0-0 8. b3 Re8 9. Bb2 e5 10. dxe5 Nxe5 11. Nxe5 Bxe5 12. h3 dxc4 13. Bxc4 Bf5 14. Qf3 Qa5 15. Rac1 Rad8 16. Rfd1 Bg6 17. a3 Rxd1+ 18. Qxd1 Rd8 19. Qe2 Qc7 20. b4 h6 21. f4 Bxc3 22. Bxc3 Ne4 23. Bd4 Kh7 24. Bd3 a5 25. f5 Bxf5 26. Qf3 1-0